LEADER 01701nam 2200397 n 450 001 996387816703316 005 20221108002753.0 035 $a(CKB)1000000000622631 035 $a(EEBO)2264198368 035 $a(UnM)9959274000971 035 $a(EXLCZ)991000000000622631 100 $a19960510d1551 uy 101 0 $aeng 135 $aurbn||||a|bb| 200 12$aA proclamation set furth by the Kinges Maiestie, prohibiting aswel the buyeng or selling, golde, siluer, or coyne, at any higher price then is appoincted, as also the melting doune of the sayd coynes$b[electronic resource] 210 $a[London] $cRichardus Grafton typographus Regius excudebat$dA. M. D. LI. [1551] 215 $a1 sheet ([1] p.) 300 $aInitial. 300 $aPlace of publication from STC. 300 $aAt foot of text: Yeouen at our palace of Westminster the. xxi. day of Decembre, the. v. yere of our reigne. 300 $aAt foot of sheet: Cum priuilegio ad imprimendum solum. 300 $aReproduction of original in the British Library. 330 $aeebo-0018 606 $aGold$zEngland$vEarly works to 1800 606 $aSilver$zEngland$vEarly works to 1800 606 $aCoins, English$vEarly works to 1800 615 0$aGold 615 0$aSilver 615 0$aCoins, English 701 $aEdward$cKing of England,$f1537-1553.$01002269 801 0$bCu-RivES 801 1$bCu-RivES 906 $aBOOK 912 $a996387816703316 996 $aA proclamation set furth by the Kinges Maiestie, prohibiting aswel the buyeng or selling, golde, siluer, or coyne, at any higher price then is appoincted, as also the melting doune of the sayd coynes$92398033 997 $aUNISA LEADER 01408nam a2200301 i 4500 001 991003875869707536 008 200807s2012 it a b 000 0 ita d 020 $a9788850654086 035 $ab14401733-39ule_inst 040 $aBibl. Dip.le Aggr. DiSTeBA - Sez. Biologia$beng 082 04$a595.726 245 00$aOrthoptera /$cBruno Massa ... [et al.] ; con la collaborazione di Claudio Russo e Mauro Rampini per la famiglia Rhaphidophoridae e di Antonio Galvagni per le chiavi del genere Anonconotus ; bioacustica a cura di Baudewijn Ode? ; allestimento del DVD allegato a cura di Carmine Iorio 264 4$aBologna :$bEdagricole-New Business Media,$cc2012 300 $axxiv, 563 pages :$billustrations ;$c25 cm +$e1 DVD 336 $atext$btxt$2rdacontent 337 $aunmediated$bn$2rdamedia 338 $avolume$bnc$2rdacarrier 490 1 $aFauna d'Italia ;$v48 504 $aIncludes bibliographical references 650 4$aOrthoptera$zItaly$xClassification 650 4$aZoology$zItaly 700 1 $aMassa, Bruno$eauthor$4http://id.loc.gov/vocabulary/relators/aut$090975 907 $a.b14401733$b15-10-20$c07-08-20 912 $a991003875869707536 945 $aLE003 591 FAU01.01 48 (2012) RAM$g1$i2003000067217$lle003$op$pE48.00$q-$rl$s- $t0$u0$v0$w0$x0$y.i15939443$z15-10-20 996 $aOrthoptera$91755324 997 $aUNISALENTO 998 $ale003$b07-08-20$cm$da $e-$fita$git $h0$i0